Countries by More Populous Borders in 1 Minute - Statistics

General Stats
  • This quiz has been taken 172 times
  • The average score is 119 of 157
Answers on the Map
Answers color-coded by a green-red scale on the quiz's map according to % correct below.
 
Answer Stats
Country % Correct
Afghanistan
100%
Bhutan
100%
China
100%
India
100%
Kazakhstan
100%
Kyrgyzstan
100%
Laos
100%
Mongolia
100%
Myanmar
100%
Nepal
100%
North Korea
100%
Pakistan
100%
Russia
100%
Tajikistan
100%
Vietnam
100%
Canada
99%
France
99%
Poland
99%
Suriname
99%
United States
99%
Azerbaijan
98%
Bolivia
98%
Mexico
98%
Argentina
96%
Brazil
96%
Colombia
96%
Guyana
96%
Paraguay
96%
Peru
96%
Switzerland
96%
Uruguay
96%
Venezuela
96%
Austria
95%
Belgium
95%
Luxembourg
95%
Netherlands
95%
Central African Republic
93%
Denmark
93%
Germany
93%
Norway
93%
Belarus
92%
Georgia
92%
South Sudan
92%
Angola
91%
Libya
91%
Rep. of the Congo
91%
Rwanda
91%
Uganda
91%
Ukraine
91%
Zambia
91%
Burundi
90%
Chad
90%
D. R. Congo
90%
Mali
90%
Tanzania
90%
Morocco
89%
Botswana
88%
Iran
88%
Niger
88%
Armenia
87%
Iraq
87%
Namibia
87%
Zimbabwe
87%
Andorra
86%
Cameroon
86%
Eswatini
86%
Lesotho
86%
Mozambique
86%
Oman
86%
South Africa
86%
Spain
86%
Sudan
86%
Bulgaria
84%
Jordan
83%
Kuwait
83%
Qatar
83%
Saudi Arabia
83%
United Arab Emirates
83%
Yemen
83%
Burkina Faso
82%
Mauritania
82%
Turkmenistan
82%
Estonia
81%
Italy
81%
Benin
80%
Eritrea
80%
Greece
80%
Latvia
80%
Lithuania
80%
Syria
78%
Algeria
76%
Ireland
76%
Tunisia
76%
Turkey
76%
Malaysia
75%
United Kingdom
75%
Israel
73%
Papua New Guinea
73%
East Timor
72%
Egypt
72%
Gabon
72%
Indonesia
72%
Somalia
72%
Djibouti
71%
Finland
71%
Chile
70%
Czech Republic
70%
Portugal
70%
Kenya
69%
Nigeria
69%
Sweden
69%
Slovenia
68%
Ethiopia
67%
Hungary
67%
Moldova
67%
Romania
67%
Bangladesh
61%
Ecuador
61%
Sri Lanka
61%
San Marino
59%
Serbia
59%
Vatican City
59%
Belize
54%
Guatemala
54%
Guinea
54%
Honduras
54%
Slovakia
53%
Montenegro
52%
North Macedonia
52%
Bosnia and Herzegovina
51%
Cambodia
51%
Ivory Coast
50%
Thailand
50%
Croatia
49%
Nicaragua
48%
El Salvador
47%
Panama
47%
Senegal
47%
Togo
47%
Costa Rica
46%
Dominican Republic
46%
Ghana
44%
Kosovo
43%
Liberia
43%
Monaco
43%
Guinea-Bissau
38%
Haiti
32%
Sierra Leone
32%
Gambia
31%
Albania
30%
Malawi
30%
Uzbekistan
28%
South Korea
25%
Equatorial Guinea
21%
Brunei
12%
Liechtenstein
12%
Lebanon
10%
No matching quizzes found
Score Distribution
Percent of People with Each Score
Percentile by Number Answered
Your Score History
You have not taken this quiz